Statistics for Countries of the World - Five Minute Sprint

Click here to take the quiz!

General Stats

  • This quiz has been taken 32,460 times
    (24,658 since last reset)
  • The average score is 140 of 196

Answer Stats

country % Correct
United States
97%
Canada
97%
Mexico
96%
Russia
95%
United Kingdom
94%
France
94%
China
94%
Spain
92%
India
92%
Brazil
92%
Italy
92%
Germany
91%
Sweden
91%
Ireland
91%
Iceland
91%
Finland
90%
Norway
90%
Chile
90%
Japan
89%
Argentina
89%
Australia
89%
Denmark
89%
Portugal
89%
Peru
88%
Iran
87%
Mongolia
86%
Cuba
86%
Turkey
86%
Poland
86%
Iraq
85%
Egypt
85%
Colombia
85%
Greece
84%
Ukraine
84%
Bolivia
84%
Uruguay
83%
Oman
82%
Paraguay
82%
Ecuador
81%
Panama
81%
Latvia
81%
Estonia
81%
Indonesia
81%
Yemen
81%
Austria
81%
Morocco
81%
South Korea
80%
Saudi Arabia
80%
Laos
79%
Algeria
79%
Venezuela
79%
Belgium
79%
Thailand
79%
Pakistan
79%
Lithuania
79%
South Africa
79%
New Zealand
78%
Vietnam
78%
Netherlands
78%
United Arab Emirates
78%
North Korea
78%
Nepal
78%
Libya
78%
Romania
77%
Belarus
77%
Haiti
77%
Israel
76%
Guyana
76%
Sudan
76%
Democratic Republic
of the Congo
76%
Syria
75%
Niger
75%
Jordan
75%
Hungary
75%
Malaysia
75%
Costa Rica
75%
Myanmar
75%
Chad
75%
Cambodia
75%
Sri Lanka
74%
Kazakhstan
74%
Bahamas
74%
Belize
74%
Dominica
74%
Bhutan
74%
Tunisia
74%
Suriname
74%
Nicaragua
73%
Congo
73%
Madagascar
73%
Bulgaria
73%
Mali
73%
Switzerland
73%
Slovakia
73%
Honduras
73%
Serbia
73%
Guatemala
73%
Croatia
72%
Ethiopia
72%
Nigeria
72%
Jamaica
72%
Afghanistan
72%
Somalia
71%
Philippines
71%
Albania
71%
Slovenia
71%
Malta
70%
Bosnia and
Herzegovina
70%
South Sudan
69%
Czechia
69%
Andorra
69%
Taiwan
69%
Kenya
69%
El Salvador
69%
Qatar
69%
Armenia
69%
Papua New Guinea
69%
Georgia
68%
Angola
68%
Lebanon
68%
Togo
67%
Vatican City
67%
Monaco
67%
Cyprus
67%
Bangladesh
67%
Moldova
66%
North Macedonia
66%
Kuwait
66%
Kosovo
65%
Dominican Republic
65%
Fiji
65%
Ghana
65%
Bahrain
64%
Tonga
64%
Benin
64%
San Marino
64%
Azerbaijan
64%
Namibia
64%
Zambia
63%
Barbados
63%
Guinea
63%
Singapore
63%
Eritrea
63%
Mauritania
62%
Saint Lucia
62%
Saint Kitts and Nevis
62%
Central African Republic
62%
Luxembourg
62%
Uzbekistan
61%
Tanzania
61%
Brunei
61%
Lesotho
61%
Montenegro
60%
Botswana
60%
Maldives
60%
Saint Vincent and the
Grenadines
60%
Turkmenistan
60%
Samoa
60%
Malawi
60%
Trinidad and Tobago
59%
Zimbabwe
59%
Antigua and Barbuda
59%
Cabo Verde
59%
Nauru
59%
Palau
59%
Cameroon
59%
Kiribati
59%
Liberia
58%
Uganda
58%
Tajikistan
58%
Senegal
58%
Gambia
58%
Grenada
58%
Gabon
58%
Rwanda
57%
Tuvalu
57%
Vanuatu
56%
Seychelles
56%
Kyrgyzstan
56%
Mozambique
56%
Liechtenstein
56%
Timor-Leste
55%
Micronesia
55%
Mauritius
55%
Eswatini
55%
Comoros
55%
Burundi
55%
São Tomé and Príncipe
54%
Guinea-Bissau
53%
Djibouti
53%
Côte d'Ivoire
50%
Solomon Islands
50%
Burkina Faso
49%
Marshall Islands
49%
Sierra Leone
48%
Equatorial Guinea
44%

Score Distribution

Percentile by Number Answered

Percent of People with Each Score

Your Score History

You have not taken this quiz since the last reset